Inazuma Eleven Go - Noms d'épisodes - Statistiques

Statistiques générales
  • Ce quiz a été pris 59 fois
  • Le résultat moyen est 15 sur 46
Statistiques - réponses
Numéro Réponse % Correct
1 Un vent nouveau
89%
2 Les esprits guerriers
71%
25 Il revient
42%
23 Le stade aérodrome
42%
14 La supertechnique de JP
39%
11 Le secret de Victor
39%
34 Personne ne peut arrêter le Tir Feu Follet
39%
5 Un match arrangé
39%
28 Jude Sharp prend les commandes
37%
26 Le diable blanc
37%
13 Le réveil de Raimon
37%
8 Les qualités d'un capitaine
37%
17 Le tonnerre gronde
37%
3 Le club de Raimon menacé
34%
7 Le coach Mark Evans fait son apparition
34%
15 Le retour de Jude Sharp
34%
31 Musashi, le Samouraï Vaillant
34%
29 Retrouvailles avec Kirkwood
34%
39 Arion contre Sol Daystar
32%
38 L'esprit guerrier de Sol Daystar
32%
21 Un nouveau joueur dans l'équipe
32%
32 Un vent de révolte
32%
12 De nouveaux adversaires
29%
6 Dernière passe, dernier espoir
29%
30 Duel de stratégies
29%
37 Génie en cours intensif
29%
27 La bataille de glace
29%
24 La renaissance du vrai football
29%
9 Lever de rideau sur la Route du Sacre
29%
10 Quand les joueurs se rebellent
29%
18 Une révolution
29%
4 Une sélection inattendue
29%
40 Arion, le nouveau capitaine
26%
43 La bataille finale
26%
20 L'esprit guerrier d'Arion prend son envol
26%
45 Une passe vers l'avenir
26%
35 Un étonnant changement de gardien
26%
44 Jusqu'à la victoire
24%
16 La redoutable Royal Academy
24%
19 Le défi de l'Académie de la Baie des Pirates
24%
22 Tous réunis pour la révolution
24%
33 Un mystérieux adversaire : le collège des Mirages
24%
41 La grande finale au stade Zénith
21%
36 Une rencontre tant attendue
21%
42 L'adversaire suprême : l'Alliance du Dragon
18%
46 Le secret de la force de Raimon
18%
Aucun quiz correspondant
Distribution des résultats
% des personnes avec chaque résultat
Percentile par nombre de réponses
Votre historique - résultats
Vous n’avez pas pris ce quiz